[Event "22nd European Teams"]
[Site "Batumi GEO"]
[Date "2019.10.27"]
[Round "4.9"]
[Board "1"]
[White "Gledura, Benjamin"]
[Black "Nyback, Tomi"]
[Result "0-1"]
[WhiteTitle "GM"]
[BlackTitle "GM"]
[WhiteElo "2654"]
[BlackElo "2565"]
[WhiteTeam "Hungary"]
[BlackTeam "Finland"]
[WhiteFideId "712779"]
[BlackFideId "503142"]
[EventDate "2019.10.24"]

1. d4 d5 2. c4 c6 3. cxd5 cxd5 4. Bf4 Nf6 5. Nc3 Nc6 6. e3 Bf5 7. Qb3 Na5 8.
Qa4+ Bd7 9. Qc2 Rc8 10. Bd3 b5 11. a3 g6 12. Nf3 Bg7 13. Qe2 Nc4 14. O-O O-O 15.
Rfc1 a6 16. a4 b4 17. Nxd5 Nxd5 18. Bxc4 Nxf4 19. exf4 Bg4 20. Bxa6 Rxc1+ 21.
Rxc1 Bxd4 22. Rc4 Qb6 23. Bb5 Rd8 24. Rc2 b3 25. Rd2 Qc5 26. Qc4 Bxf2+ 27. Kf1
Rc8 28. Qxc5 Bxc5 29. Rd3 Bd6 30. Rxb3 Rc1+ 31. Ke2 Bxf4 32. a5 Be6 33. Rc3 Rb1
34. Rc2 Bb3 35. Rc8+ Kg7 36. a6 Rxb2+ 37. Kd3 Ra2 38. Nd4 Bd5 39. g3 Bd6 40. Nc6
Kf6 41. Nd4 Ra5 42. Kc2 Ke5 43. Nc6+ Bxc6 44. Bxc6 Rxa6 45. Be8 Ra2+ 46. Kd1
Rxh2 47. Bxf7 Kf6 48. Bc4 Bxg3 49. Rf8+ Kg5 50. Rf7 e5 51. Bd3 Bf4 52. Be4 Rd2+
53. Ke1 Rd4 54. Bc2 h5 55. Re7 Rd6 56. Be4 Kg4 0-1

[Event "22nd European Teams"]
[Site "Batumi GEO"]
[Date "2019.10.27"]
[Round "4.9"]
[Board "2"]
[White "Keinanen, Toivo"]
[Black "Erdos, Viktor"]
[Result "1/2-1/2"]
[WhiteTitle "FM"]
[BlackTitle "GM"]
[WhiteElo "2428"]
[BlackElo "2604"]
[WhiteTeam "Finland"]
[BlackTeam "Hungary"]
[WhiteFideId "509825"]
[BlackFideId "719978"]
[EventDate "2019.10.24"]

1. d4 Nf6 2. c4 g6 3. Nc3 d5 4. Qa4+ Bd7 5. Qd1 Bc8 6. Qa4+ Bd7 7. Qd1 c6 8. e3
Bg7 9. Nf3 O-O 10. Qb3 Qb6 11. Qxb6 axb6 12. cxd5 Nxd5 13. Nxd5 cxd5 14. Bd2 Rc8
15. Bd3 Nc6 16. Bc3 f6 17. O-O e6 18. Rfc1 Ne7 19. Ne1 Kf7 20. Nc2 Nf5 21. Na3
e5 22. dxe5 fxe5 23. e4 Nd6 24. Bb4 Nxe4 25. Bxe4 dxe4 26. Nc4 Rc6 27. Nd6+ Kg8
28. Rxc6 Bxc6 29. Nc4 b5 30. Ne3 Bf8 31. Bxf8 Kxf8 32. Kf1 Ke7 33. Ke2 Ke6 34.
Nc2 g5 35. Nb4 Be8 36. Rc1 Kd6 37. Ke3 Bc6 38. Rc2 1/2-1/2

[Event "22nd European Teams"]
[Site "Batumi GEO"]
[Date "2019.10.27"]
[Round "4.9"]
[Board "3"]
[White "Berkes, Ferenc"]
[Black "Koykka, Pekka"]
[Result "1-0"]
[WhiteTitle "GM"]
[BlackTitle "FM"]
[WhiteElo "2667"]
[BlackElo "2381"]
[WhiteTeam "Hungary"]
[BlackTeam "Finland"]
[WhiteFideId "718572"]
[BlackFideId "504319"]
[EventDate "2019.10.24"]

1. d4 Nf6 2. Nf3 c5 3. d5 e6 4. Nc3 exd5 5. Nxd5 Nxd5 6. Qxd5 Nc6 7. Bg5 Be7 8.
Bxe7 Qxe7 9. e3 O-O 10. O-O-O Nb4 11. Qe5 Nxa2+ 12. Kb1 Qxe5 13. Nxe5 Nb4 14. c3
Nc6 15. Nc4 d5 16. Rxd5 b6 17. Be2 Be6 18. Rd6 Rac8 19. e4 Rfd8 20. Rhd1 Kf8 21.
f4 Ke7 22. e5 Rxd6 23. Rxd6 Nb8 24. Kc2 Nd7 25. Ne3 f6 26. Rxe6+ Kxe6 27. Bg4+
Ke7 28. Nd5+ Ke8 29. exf6 g6 30. f7+ Kxf7 31. Bxd7 Rd8 32. Bc6 Rd6 33. Ba8 Rd8
34. Nc7 Rd7 35. Nb5 Kf6 36. Bc6 Re7 37. Bf3 Kf5 38. g3 Re3 39. Nd6+ Ke6 40. Ne4
Kf5 41. Ng5 h6 42. Kd2 Re7 43. Nh3 Rd7+ 44. Kc2 Re7 45. g4+ Kf6 46. Kd2 Rd7+ 47.
Ke3 Re7+ 48. Be4 g5 49. Nf2 c4 50. Kf3 b5 51. Bc6 gxf4 52. h4 a5 53. Ne4+ Ke5
54. Bxb5 Rb7 55. Bxc4 Rxb2 56. g5 hxg5 57. hxg5 Rb1 58. Bf7 Rg1 59. Kf2 Rd1 60.
Nc5 Rd2+ 61. Kf3 Rc2 62. Ne4 Rc1 63. g6 Rg1 64. Kf2 Rg4 65. Nc5 Rg3 66. c4 Kf5
67. Na4 Kf6 68. c5 Ke5 69. Nb6 Rg5 70. Nd7+ Ke4 71. c6 f3 72. Nf6+ Kf4 73. Nd5+
Ke4 74. Nc3+ Kf4 75. c7 Rc5 76. g7 Rxc3 77. g8=Q Rc2+ 78. Kg1 1-0

[Event "22nd European Teams"]
[Site "Batumi GEO"]
[Date "2019.10.27"]
[Round "4.9"]
[Board "4"]
[White "Nyysti, Sampsa"]
[Black "Banusz, Tamas"]
[Result "1/2-1/2"]
[WhiteTitle "IM"]
[BlackTitle "GM"]
[WhiteElo "2335"]
[BlackElo "2619"]
[WhiteTeam "Finland"]
[BlackTeam "Hungary"]
[WhiteFideId "502138"]
[BlackFideId "722413"]
[EventDate "2019.10.24"]

1. e4 c5 2. Nf3 Nc6 3. Bb5 g6 4. Bxc6 dxc6 5. d3 Bg7 6. h3 Nf6 7. Nc3 Nd7 8. Be3
e5 9. Qd2 h6 10. O-O b6 11. Nh2 Nf8 12. f4 exf4 13. Rxf4 Be6 14. Rf2 g5 15. Raf1
Qd6 16. Ng4 O-O-O 17. Nf6 Nd7 18. Nxd7 Rxd7 19. b3 Be5 20. Ne2 Rg8 21. Qc1 Qe7
22. Bd2 h5 23. Bc3 Qd6 24. Qa1 Bd4 25. Bxd4 cxd4 26. Rf6 h4 27. Kh1 Qe5 28. Qe1
Rdd8 29. Qf2 Rh8 30. a4 c5 31. Ng1 Rh7 32. Qd2 Rg8 33. R6f2 Rhg7 34. Nf3 Qg3 35.
Nh2 g4 36. hxg4 Bxg4 37. Rxf7 Rxf7 38. Rxf7 h3 39. Qf2 hxg2+ 40. Kg1 Qxf2+ 1/2-1/2

[Event "22nd European Teams"]
[Site "Batumi GEO"]
[Date "2019.10.27"]
[Round "4.10"]
[Board "1"]
[White "Tutisani, Noe"]
[Black "Rodshtein, Maxim"]
[Result "1/2-1/2"]
[WhiteTitle "IM"]
[BlackTitle "GM"]
[WhiteElo "2412"]
[BlackElo "2684"]
[WhiteTeam "Georgia 2"]
[BlackTeam "Israel"]
[WhiteFideId "13602853"]
[BlackFideId "2806851"]
[EventDate "2019.10.24"]

1. e4 c5 2. Nf3 d6 3. d4 cxd4 4. Nxd4 Nf6 5. Nc3 a6 6. Be2 e5 7. Nb3 Be7 8. Be3
O-O 9. g4 Be6 10. g5 Ne8 11. Qd2 Nd7 12. O-O-O a5 13. a4 Nc7 14. Kb1 f6 15. h4
Bf7 16. Rhg1 fxg5 17. hxg5 b6 18. Rh1 g6 19. Rh2 Be6 20. f4 exf4 21. Bxf4 Ne5
22. Rdh1 Rf7 23. Nd4 Rc8 24. b3 Qf8 25. Ncb5 Bd7 26. Bxe5 Nxb5 27. Nxb5 Bxb5 28.
Bxb5 dxe5 29. Qd5 h5 30. Qe6 Kg7 31. Qxe5+ Kg8 32. Qe6 Kg7 33. Bc4 Bxg5 34.
Qxf7+ Qxf7 35. Bxf7 Kxf7 36. Rd1 Re8 37. Rd7+ Re7 38. Rf2+ Ke6 39. Rd5 Bf6 40.
c4 Be5 41. Rb5 Bd4 42. Rg2 Kf7 43. Rd5 Bc5 44. e5 Kg7 45. Kc2 Rf7 46. e6 Re7 47.
Rxh5 Rxe6 48. Rd5 Kf6 49. Kd2 Re7 50. Rg3 Kg7 51. Kd3 Kf7 52. Rgg5 Re3+ 53. Kc2
Re2+ 54. Rd2 Re6 55. Rgg2 Kg7 56. Rde2 Rf6 57. Rg3 Kf7 58. Kd3 Rd6+ 59. Ke4 Re6+
60. Kf3 Rd6 61. Kf4 Rd1 62. Ke4 Rd4+ 63. Ke5 Rd1 64. Rf3+ Ke7 65. Rg2 Rd6 66.
Rh3 Re6+ 67. Kf4 Kf6 68. Rd3 Re1 69. Kg4 Re5 70. Kf3 Rf5+ 71. Ke2 Re5+ 72. Kd2
Bb4+ 73. Kc2 Bc5 74. Rd5 Re6 75. Rdg5 Kg7 76. R5g4 Rf6 77. Kd3 Rd6+ 78. Ke4 Re6+
79. Kd5 Rd6+ 80. Ke5 Kf7 81. Rf4+ Ke7 82. Ke4 1/2-1/2

[Event "22nd European Teams"]
[Site "Batumi GEO"]
[Date "2019.10.27"]
[Round "4.10"]
[Board "2"]
[White "Postny, Evgeny"]
[Black "Petriashvili, Nikoloz"]
[Result "1/2-1/2"]
[WhiteTitle "GM"]
[BlackTitle "IM"]
[WhiteElo "2597"]
[BlackElo "2441"]
[WhiteTeam "Israel"]
[BlackTeam "Georgia 2"]
[WhiteFideId "2804344"]
[BlackFideId "13611216"]
[EventDate "2019.10.24"]

1. d4 d6 2. Nf3 Nf6 3. c4 g6 4. Nc3 Bf5 5. Nd2 e5 6. d5 Bh6 7. e3 a5 8. Be2 Na6
9. g4 Bd7 10. h4 Bg7 11. g5 Ng8 12. e4 f5 13. exf5 Bxf5 14. Nde4 h5 15. Be3 Ne7
16. Qd2 b6 17. O-O-O Nc5 18. f3 O-O 19. Rhg1 Kh7 20. Rdf1 Qe8 21. Bd1 Qf7 22.
Bc2 Bxe4 23. Nxe4 Nxe4 24. Bxe4 Nf5 25. Bf2 Qd7 26. Qd3 Rab8 27. Kb1 Rf7 28. Rg2
Ne7 29. Rh1 Qa4 30. Be1 Qd7 31. Bd2 Nf5 32. a3 Qa4 33. Ka2 Qd7 34. Bc3 Ne7 35.
Rf2 a4 36. Qd1 Nf5 37. Qc2 Ne7 38. Bd2 Nf5 39. Bc1 Ra8 40. Rg2 Rb8 41. Qd1 Ra8
42. Rhh2 Qe8 43. Qd3 Qd7 44. Rf2 Rb8 45. Rh1 Ra8 46. f4 Raf8 47. fxe5 Bxe5 48.
Bd2 Qe8 49. Rf3 Kg7 50. Be1 Ne7 51. Rhf1 Rxf3 52. Rxf3 Qc8 53. Bc3 Qg4 54. Rxf8
Kxf8 55. Bxe5 dxe5 56. Bxg6 Nxg6 57. Qxg6 Qxc4+ 58. Kb1 Qf1+ 59. Kc2 Qc4+ 60.
Kb1 1/2-1/2

[Event "22nd European Teams"]
[Site "Batumi GEO"]
[Date "2019.10.27"]
[Round "4.10"]
[Board "3"]
[White "Kacharava, Nikolozi"]
[Black "Smirin, Ilia"]
[Result "1/2-1/2"]
[WhiteTitle "FM"]
[BlackTitle "GM"]
[WhiteElo "2428"]
[BlackElo "2599"]
[WhiteTeam "Georgia 2"]
[BlackTeam "Israel"]
[WhiteFideId "13611860"]
[BlackFideId "2801990"]
[EventDate "2019.10.24"]

1. e4 c5 2. Nf3 d6 3. d4 cxd4 4. Qxd4 a6 5. c4 Nf6 6. Nc3 e6 7. Be2 Nbd7 8. O-O
Be7 9. Be3 Qc7 10. Rac1 O-O 11. Qd2 b6 12. Nd4 Bb7 13. f3 Rac8 14. Rfd1 Qb8 15.
b4 Rfe8 16. a3 Bd8 17. Nb3 Bc7 18. Bf4 Ne5 19. Bxe5 dxe5 20. c5 bxc5 21. Nxc5 a5
22. Kh1 axb4 23. axb4 Rcd8 24. Qb2 Bc8 25. N3a4 Rxd1+ 26. Rxd1 Rd8 27. Rc1 Nd7
28. Ba6 Nxc5 29. Nxc5 Bb6 30. Qe2 Bxa6 31. Qxa6 h5 32. h3 h4 33. Kh2 Qd6 34. Qe2
Qd4 35. Qe1 g5 36. Qc3 Qxc3 37. Rxc3 Rd1 38. Rd3 Rc1 39. Rb3 Kg7 40. Rb2 Bxc5
41. bxc5 Rxc5 42. Rb7 Kg6 43. Rb6 Rc1 44. Ra6 Rd1 45. Rb6 Kf6 46. Rb5 Rc1 1/2-1/2

[Event "22nd European Teams"]
[Site "Batumi GEO"]
[Date "2019.10.27"]
[Round "4.10"]
[Board "4"]
[White "Nabaty, Tamir"]
[Black "Oboladze, Luka"]
[Result "1/2-1/2"]
[WhiteTitle "GM"]
[BlackTitle "FM"]
[WhiteElo "2658"]
[BlackElo "2336"]
[WhiteTeam "Israel"]
[BlackTeam "Georgia 2"]
[WhiteFideId "2809052"]
[BlackFideId "13608207"]
[EventDate "2019.10.24"]

1. d4 Nf6 2. Nf3 d5 3. g3 e6 4. Bg2 b5 5. a4 b4 6. c4 bxc3 7. Nxc3 Nbd7 8. a5
Ba6 9. Qa4 Rb8 10. Bf4 Rxb2 11. O-O Rb4 12. Qc6 Qc8 13. Ra4 Rxa4 14. Nxa4 Be7
15. Nc5 Bxe2 16. Rb1 O-O 17. Nxe6 Nb8 18. Qxc7 Qxc7 19. Nxc7 Nc6 20. Ne5 Nxd4
21. Nxd5 Nxd5 22. Bxd5 Bb5 23. Kg2 a6 24. Be3 Nc2 25. Bb6 Nb4 26. Bf3 f6 27. Ng4
Rc8 28. Ne3 Bc6 29. Nf5 Bf8 30. Rd1 g6 31. Ne3 Bxf3+ 32. Kxf3 Kf7 33. Rd7+ Be7
34. Ra7 Ke6 35. Ng2 Rc3+ 36. Be3 g5 37. Kg4 Rc6 38. h4 gxh4 39. Nf4+ Kf7 40.
Kxh4 Rc4 41. Kh5 Nc6 42. Rxa6 Bb4 43. Nd3 Bc3 44. Bb6 Ra4 45. Bc5 Nxa5 46. Ra7+
Ke6 47. Nf4+ Kf5 48. Ng2 Ke4 49. Re7+ Kd5 50. Be3 Nc6 51. Rxh7 Ne5 52. f4 Nc4
53. Rc7 Ke4 54. Bc1 Ba5 55. Rc6 Kf3 56. Nh4+ Kxg3 57. Rxf6 Ra1 58. Rg6+ Kh3 59.
Rg1 Bd2 60. Rh1+ Kg3 61. Rg1+ Kh3 62. Rh1+ Kg3 63. Rg1+ Kh3 1/2-1/2

[Event "22nd European Teams"]
[Site "Batumi GEO"]
[Date "2019.10.27"]
[Round "4.11"]
[Board "1"]
[White "Grandelius, Nils"]
[Black "Ragger, Markus"]
[Result "1/2-1/2"]
[WhiteTitle "GM"]
[BlackTitle "GM"]
[WhiteElo "2691"]
[BlackElo "2684"]
[WhiteTeam "Sweden"]
[BlackTeam "Austria"]
[WhiteFideId "1710400"]
[BlackFideId "1610856"]
[EventDate "2019.10.24"]

1. e4 e5 2. Nf3 Nc6 3. Bb5 a6 4. Ba4 Nf6 5. O-O Be7 6. d3 b5 7. Bb3 d6 8. Bd2
O-O 9. h3 a5 10. a4 b4 11. Re1 Be6 12. Be3 h6 13. Nbd2 d5 14. d4 dxe4 15. dxe5
Bxb3 16. exf6 Bxf6 17. Nxe4 Be6 18. c3 bxc3 19. bxc3 Be7 20. Bc5 Re8 21. Qc1 Qd5
22. Bxe7 Rxe7 23. Qf4 Rae8 24. Ng3 Qd6 25. Qxd6 cxd6 26. Ne4 Rd8 27. Ned2 Rc7
28. Rab1 Ne5 29. Rb5 Nxf3+ 30. Nxf3 Ra8 31. Rb6 Rxc3 32. Rxd6 Bxh3 33. Nd4 Bg4
34. f3 Bh5 35. Re5 Bg6 36. Nc6 Bc2 37. Rxa5 Rxa5 38. Nxa5 Bxa4 39. Rd4 Bb5 40.
Rb4 Bd7 41. Nb3 g6 42. Rd4 Be8 43. Nd2 Kg7 44. Ne4 Rc7 45. Nd6 Bd7 46. Kh2 Ra7
47. Rb4 Ra6 48. Rd4 Bc6 49. Rf4 Ra7 50. Rc4 Bd5 51. Rd4 Be6 52. Ne8+ Kf8 53. Nf6
h5 54. Ne4 Ra5 55. Nf6 Rf5 56. Ne4 Kg7 57. Nd6 Rc5 58. Ne8+ Kh6 59. Nf6 Rc2 60.
Nd5 g5 61. f4 g4 62. Ne3 Rc1 63. Rd6 Re1 64. Nf5+ Kg6 65. Nh4+ Kf6 66. Rb6 Kg7
67. Rb5 Kh6 68. Kg3 1/2-1/2

[Event "22nd European Teams"]
[Site "Batumi GEO"]
[Date "2019.10.27"]
[Round "4.11"]
[Board "2"]
[White "Dragnev, Valentin"]
[Black "Hillarp Persson, Tiger"]
[Result "1/2-1/2"]
[WhiteTitle "GM"]
[BlackTitle "GM"]
[WhiteElo "2550"]
[BlackElo "2550"]
[WhiteTeam "Austria"]
[BlackTeam "Sweden"]
[WhiteFideId "1634852"]
[BlackFideId "1700812"]
[EventDate "2019.10.24"]

1. d4 Nf6 2. c4 g6 3. Nc3 Bg7 4. e4 O-O 5. Be2 d6 6. h4 c5 7. d5 b5 8. cxb5 a6
9. a4 axb5 10. Bxb5 Ba6 11. Bd2 Qc8 12. Nh3 Bxb5 13. axb5 Rxa1 14. Qxa1 Nbd7 15.
O-O Ne5 16. Qd1 Qb7 17. Qe2 Ra8 18. Rb1 h5 19. f3 Ne8 20. Nf2 Nc7 21. b4 c4 22.
f4 Nd3 23. Nxd3 cxd3 24. Qxd3 Ra3 25. Rc1 Ne8 26. Be3 Nf6 27. Bd4 Ng4 28. Bxg7
Kxg7 29. Qd4+ Kh7 30. e5 Qa8 31. Ne4 Re3 32. Ng5+ Kg8 33. exd6 exd6 34. b6 Qa6
35. Nf3 Re8 36. Nh2 Nh6 37. Nf1 Nf5 38. Qf2 Qb5 39. Kh2 Re2 40. Qxe2 Qxe2 41. b7
Nxh4 42. b8=Q+ Kg7 43. Ne3 Qxe3 44. Qxd6 Qxc1 45. Qe5+ Kg8 46. Qe8+ Kg7 47. Qe5+
Kg8 48. Qe8+ 1/2-1/2

[Event "22nd European Teams"]
[Site "Batumi GEO"]
[Date "2019.10.27"]
[Round "4.11"]
[Board "3"]
[White "Westerberg, Jonathan"]
[Black "Shengelia, David"]
[Result "0-1"]
[WhiteTitle "IM"]
[BlackTitle "GM"]
[WhiteElo "2546"]
[BlackElo "2531"]
[WhiteTeam "Sweden"]
[BlackTeam "Austria"]
[WhiteFideId "1701754"]
[BlackFideId "13601270"]
[EventDate "2019.10.24"]

1. e4 c5 2. Nf3 d6 3. Bb5+ Nd7 4. d4 cxd4 5. Qxd4 a6 6. Bxd7+ Bxd7 7. Nc3 e6 8.
Bg5 Qc7 9. Rd1 f6 10. Bh4 Nh6 11. O-O Be7 12. Qd3 Nf7 13. Nd4 g5 14. Bg3 b5 15.
Qf3 Rc8 16. Qh5 b4 17. Na4 Bxa4 18. Nxe6 Qb6 19. Ng7+ Kf8 20. Nf5 Bd7 21. Bxd6
Bxf5 22. Bxe7+ Kxe7 23. exf5 Rcd8 24. Rde1+ Kf8 25. h4 Qc5 26. hxg5 Qxf5 27. Qh4
Qxg5 28. Qxb4+ Kg7 29. Re3 Rb8 30. Qa3 Qf4 31. Rf3 Qb4 32. Rg3+ Kf8 33. Qxa6
Qxb2 34. Re1 Rg8 35. Qd3 Rxg3 36. Qxg3 Rd8 37. Qc7 Qxa2 38. Qe7+ Kg7 39. Re3 Rd5
40. Rg3+ Rg5 41. Qc7 Qa1+ 42. Kh2 Qd4 43. f4 Rxg3 44. Kxg3 Kg6 45. Qb8 Qe3+ 0-1

[Event "22nd European Teams"]
[Site "Batumi GEO"]
[Date "2019.10.27"]
[Round "4.11"]
[Board "4"]
[White "Schreiner, Peter"]
[Black "Blomqvist, Erik"]
[Result "0-1"]
[WhiteTitle "IM"]
[BlackTitle "GM"]
[WhiteElo "2464"]
[BlackElo "2523"]
[WhiteTeam "Austria"]
[BlackTeam "Sweden"]
[WhiteFideId "1621645"]
[BlackFideId "1709437"]
[EventDate "2019.10.24"]

1. Nf3 c5 2. c4 Nf6 3. Nc3 e6 4. g3 b6 5. Bg2 Bb7 6. O-O Be7 7. d4 cxd4 8. Qxd4
O-O 9. b3 d6 10. Bb2 a6 11. Rfd1 Nbd7 12. Nd2 Bxg2 13. Kxg2 Qc7 14. Nde4 Rfd8
15. Kg1 Ne8 16. Qe3 Qb7 17. a4 Nc5 18. Nd2 Rac8 19. Rab1 Nf6 20. Ba1 d5 21. Qf3
d4 22. Qxb7 Nxb7 23. Na2 e5 24. Nf3 Bd6 25. e3 dxe3 26. fxe3 Ng4 27. Re1 f6 28.
e4 b5 29. axb5 axb5 30. Nc3 bxc4 31. bxc4 Na5 32. Nd5 Nxc4 33. Kg2 Bc5 34. Rb3
Ra8 35. Rc3 Nce3+ 36. Nxe3 Bxe3 37. Kh3 Nf2+ 38. Kh4 Nd1 0-1

[Event "22nd European Teams"]
[Site "Batumi GEO"]
[Date "2019.10.27"]
[Round "4.12"]
[Board "1"]
[White "Tari, Aryan"]
[Black "Andersen, Mads"]
[Result "1/2-1/2"]
[WhiteTitle "GM"]
[BlackTitle "GM"]
[WhiteElo "2630"]
[BlackElo "2601"]
[WhiteTeam "Norway"]
[BlackTeam "Denmark"]
[WhiteFideId "1510045"]
[BlackFideId "1413864"]
[EventDate "2019.10.24"]

1. d4 Nf6 2. c4 g6 3. Nc3 d5 4. Nf3 Bg7 5. cxd5 Nxd5 6. e4 Nxc3 7. bxc3 c5 8.
Be3 Bg4 9. Rc1 O-O 10. Be2 Qa5 11. O-O Qxa2 12. Ra1 Qb2 13. Qd3 Qb6 14. Rfb1 Qc7
15. Qc4 b6 16. Ra3 Nc6 17. dxc5 Ne5 18. Nxe5 Bxe2 19. Qxe2 Bxe5 20. cxb6 axb6
21. Bxb6 Qd6 22. Rxa8 Rxa8 23. Bd4 Bxd4 24. cxd4 Qxd4 25. Rd1 Ra1 26. Rxa1 Qxa1+
27. Qf1 Qd4 28. Qe1 e5 29. g3 Kg7 30. h4 h5 1/2-1/2

[Event "22nd European Teams"]
[Site "Batumi GEO"]
[Date "2019.10.27"]
[Round "4.12"]
[Board "2"]
[White "Thybo, Jesper Sondergaard"]
[Black "Christiansen, Johan-Sebastian"]
[Result "0-1"]
[WhiteTitle "IM"]
[BlackTitle "GM"]
[WhiteElo "2550"]
[BlackElo "2558"]
[WhiteTeam "Denmark"]
[BlackTeam "Norway"]
[WhiteFideId "1438832"]
[BlackFideId "1512668"]
[EventDate "2019.10.24"]

1. d4 Nf6 2. c4 g6 3. Nc3 Bg7 4. e4 d6 5. Nf3 O-O 6. Be2 e5 7. O-O Nc6 8. d5 Ne7
9. Bg5 Nh5 10. Re1 h6 11. Bd2 Nf4 12. Bf1 g5 13. h3 Neg6 14. Nh2 Ne7 15. g3 Nfg6
16. Qh5 f6 17. h4 gxh4 18. gxh4 f5 19. Bh3 fxe4 20. Bxc8 Qxc8 21. Ng4 Qf5 22.
Qxf5 Nxf5 23. Rxe4 Ngxh4 24. Nh2 Rf6 25. Kh1 Rg6 26. Rf1 a6 27. Be1 Rf8 28. f3
Ng2 29. Rg4 Nf4 30. Ne4 Rxg4 31. fxg4 Ne3 32. Rf2 Nd3 33. Re2 Nxc4 34. b3 Nb6 0-1

[Event "22nd European Teams"]
[Site "Batumi GEO"]
[Date "2019.10.27"]
[Round "4.12"]
[Board "3"]
[White "Salomon, Johan"]
[Black "Bjerre, Jonas Buhl"]
[Result "1/2-1/2"]
[WhiteTitle "GM"]
[BlackTitle "IM"]
[WhiteElo "2507"]
[BlackElo "2506"]
[WhiteTeam "Norway"]
[BlackTeam "Denmark"]
[WhiteFideId "1509500"]
[BlackFideId "1444948"]
[EventDate "2019.10.24"]

1. d4 Nf6 2. c4 e6 3. Nf3 d5 4. g3 dxc4 5. Bg2 Bb4+ 6. Bd2 a5 7. a4 c6 8. Qc2
Bxd2+ 9. Qxd2 Ne4 10. Qc2 Nd6 11. Ne5 Qb6 12. e3 c5 13. Nxc4 Nxc4 14. Qxc4 O-O
15. Qxc5 Qxc5 16. dxc5 Nd7 17. c6 bxc6 18. Bxc6 Rb8 19. Bb5 Bb7 20. Rg1 Ne5 21.
Nd2 Nf3+ 22. Nxf3 Bxf3 23. Kd2 Rfd8+ 24. Kc3 Rbc8+ 25. Kb3 Rd2 26. Rac1 Rcd8 27.
Ka3 h5 28. h4 Kh7 29. Rc7 Rxf2 30. Rxf7 Kg6 31. Ra7 Rdd2 32. Rf1 Rxb2 33. Rxf2
Rxf2 34. Rxa5 Bd5 35. Be8+ Kf5 36. Bxh5 Ke4 37. Ra7 Kxe3 38. Rxg7 Kd4 39. Kb4 e5
40. Bg6 e4 41. Bxe4 Rb2+ 42. Ka5 Bxe4 43. Rc7 Rb8 44. g4 Rh8 45. h5 Rg8 46. Kb6
Rxg4 47. a5 Rg5 48. a6 Rxh5 49. a7 Rh8 50. Rd7+ Kc4 51. Rc7+ Kb4 52. Rb7 Bxb7
53. Kxb7 Kb5 54. a8=Q Rxa8 55. Kxa8 1/2-1/2

[Event "22nd European Teams"]
[Site "Batumi GEO"]
[Date "2019.10.27"]
[Round "4.12"]
[Board "4"]
[White "Schandorff, Lars"]
[Black "Notkevich, Benjamin Arvola"]
[Result "1/2-1/2"]
[WhiteTitle "GM"]
[BlackTitle "GM"]
[WhiteElo "2496"]
[BlackElo "2494"]
[WhiteTeam "Denmark"]
[BlackTeam "Norway"]
[WhiteFideId "1400070"]
[BlackFideId "1506536"]
[EventDate "2019.10.24"]

1. Nf3 Nf6 2. c4 g6 3. Nc3 Bg7 4. e4 d6 5. d4 O-O 6. Be2 e5 7. d5 a5 8. Bg5 Na6
9. Nd2 h6 10. Bh4 Nc5 11. O-O Bd7 12. b3 Qe8 13. a3 Nh7 14. b4 Na4 15. Nxa4 Bxa4
16. Qb1 h5 17. f3 Bh6 18. Qd3 axb4 19. axb4 c6 20. dxc6 Qxc6 21. Rfb1 Ng5 22.
Bf2 Ne6 23. g3 b5 24. Nb3 Rab8 25. Na5 Qc7 26. Ra2 Rfc8 27. cxb5 Bxb5 28. Qd1
Bxe2 29. Qxe2 Qc3 30. Rb3 Nd4 31. Bxd4 Qxd4+ 32. Kg2 Rxb4 33. Rc2 Rxc2 34. Qxc2
Rxb3 35. Nxb3 Qb4 36. Nc1 Be3 37. Nd3 Qa3 38. Qe2 Bd4 39. Nf2 Qa1 40. Nd1 Kg7
41. Ne3 Qc1 42. Nd5 Bc5 43. Ne7 Qg1+ 44. Kh3 Qc1 45. Kg2 Qb1 46. Nd5 Qc1 47. Ne7
Bd4 48. Nd5 Kh6 49. Ne7 h4 50. g4 Be3 51. Nd5 Bd2 52. Ne7 Kg5 53. Nd5 Bf4 54.
Qf2 Qc5 55. Qe2 Qd4 56. Qc2 Kh6 57. Qe2 Bd2 58. Ne7 Kg5 59. Nd5 Bc1 60. Qc2 Qc5
61. Qe2 Bf4 62. Ne7 Kf6 63. Nd5+ Kg7 64. Ne7 Bg5 65. Nd5 Qc1 66. Nb4 Kf8 67. Nd5
Qc5 68. Qd3 h3+ 69. Kxh3 Qf2 70. Qd1 Bd2 71. Nc7 Ke7 72. Nd5+ Ke6 73. Nc7+ Kf6
74. Nd5+ Kg5 75. Nc7 Bf4 76. Qh1 Bd2 77. Qd1 Bf4 78. Qh1 Bxh2 79. Qxh2 Qxf3+ 80.
Qg3 Qh1+ 81. Qh2 Qf3+ 82. Qg3 Qh1+ 83. Qh2 Qxe4 84. Qd2+ Qf4 85. Qxd6 Qxg4+ 86.
Kh2 Qf4+ 87. Kg2 Qe4+ 88. Kg3 Qe3+ 89. Kg2 Qe2+ 90. Kg3 Qe1+ 91. Kg2 Qe2+ 92.
Kg3 Qe3+ 93. Kg2 Kh4 94. Qf6+ Qg5+ 95. Qxg5+ Kxg5 96. Kf3 f5 97. Nd5 Kh4 98. Ne3
Kg5 99. Nd5 Kh6 100. Nf6 g5 101. Nd7 e4+ 102. Ke3 Kg6 103. Ne5+ Kh5 104. Nc6 Kh4
105. Nd4 Kg4 106. Ne6 Kh5 107. Nd4 Kg6 108. Ne6 Kf6 109. Nd4 Ke5 110. Nc6+ Kd5
111. Ne7+ Ke6 112. Nc6 g4 113. Kf4 1/2-1/2

[Event "22nd European Teams"]
[Site "Batumi GEO"]
[Date "2019.10.27"]
[Round "4.13"]
[Board "3"]
[White "Piorun, Kacper"]
[Black "Ivic, Velimir"]
[Result "1-0"]
[WhiteTitle "GM"]
[BlackTitle "IM"]
[WhiteElo "2643"]
[BlackElo "2525"]
[WhiteTeam "Poland"]
[BlackTeam "Serbia"]
[WhiteFideId "1130420"]
[BlackFideId "950122"]
[EventDate "2019.10.24"]

1. d4 Nf6 2. c4 g6 3. g3 c6 4. Bg2 d5 5. Qa4 Nfd7 6. cxd5 Nb6 7. Qd1 cxd5 8. Nc3
Bg7 9. e3 O-O 10. Nge2 Nc6 11. O-O e6 12. b3 a5 13. a4 Re8 14. Ba3 Bf8 15. Bxf8
Rxf8 16. Nf4 Nb4 17. Na2 Nxa2 18. Rxa2 Bd7 19. Rc2 Nxa4 20. bxa4 Bxa4 21. e4
dxe4 22. Bxe4 Bxc2 23. Bxc2 Qd6 24. Qa1 Rfd8 25. Rd1 a4 26. d5 e5 27. Nd3 Rdc8
28. Bb1 f6 29. Qb2 Rc7 30. Ba2 a3 31. Qe2 Rac8 32. Rd2 Re7 33. Qe4 Kg7 34. Kg2
Rec7 35. Qa4 Rd8 36. f4 Rdc8 37. fxe5 fxe5 38. Nf2 b5 39. Qd1 Rc1 40. Qe2 b4 41.
Ne4 Qb6 42. Ng5 Rg1+ 43. Kh3 Qd6 44. Qf2 1-0

[Event "22nd European Teams"]
[Site "Batumi GEO"]
[Date "2019.10.27"]
[Round "4.13"]
[Board "4"]
[White "Radovanovic, Mihajlo"]
[Black "Dragun, Kamil"]
[Result "0-1"]
[WhiteTitle "IM"]
[BlackTitle "GM"]
[WhiteElo "2479"]
[BlackElo "2584"]
[WhiteTeam "Serbia"]
[BlackTeam "Poland"]
[WhiteFideId "940313"]
[BlackFideId "1134167"]
[EventDate "2019.10.24"]

1. d4 Nf6 2. Nf3 e6 3. c4 Bb4+ 4. Nbd2 b6 5. a3 Bxd2+ 6. Qxd2 Bb7 7. e3 O-O 8.
Be2 d6 9. O-O Nbd7 10. b4 a5 11. Bb2 Qe7 12. Qc2 c5 13. dxc5 dxc5 14. b5 Ne4 15.
Bd3 f5 16. Rfd1 e5 17. Ne1 Nd6 18. Be2 Rad8 19. Qd3 Rf6 20. g3 Rh6 21. Qc2 Qf7
22. Nf3 Be4 23. Qd2 Qe7 24. Ne1 Nf7 25. f4 Nf6 26. Qc3 Re8 27. fxe5 Nxe5 28.
Qxe5 Qxe5 29. Bxe5 Rxe5 30. Rd6 Ng4 31. Rxh6 Nxh6 32. Rd1 Nf7 33. Kf2 Kf8 34.
Nf3 Re6 35. Rd7 Re7 36. Rxe7 Kxe7 37. Nd2 Nd6 38. Bf3 Bd3 39. Bd5 Kf6 40. h4 h6
41. Kg2 g6 42. Kf2 g5 43. hxg5+ hxg5 44. Ke1 g4 45. Kf2 Ke5 46. Bg8 Be4 47. Ke2
Ne8 48. Nxe4 Kxe4 49. Bd5+ Ke5 50. Bc6 Nf6 51. Bb7 a4 52. Kf2 Ne8 53. Bg2 Nd6
54. Bf1 Ne4+ 55. Kg2 Nc3 56. Bd3 Nd1 57. Bf1 Nc3 58. Kf2 0-1